| 000 | 01028nam a22002657a 4500 | ||
|---|---|---|---|
| 999 |
_c22625 _d22625 |
||
| 003 | AR-CdUCM | ||
| 008 | 190427b ||||| |||| 00| 0 spa d | ||
| 020 | _a9786120017135 | ||
| 040 |
_aMUNICIPALIDAD PROVINCIAL DEL CUSCO _cBIBLIOTECA MUNICIPAL DEL CUSCO |
||
| 082 |
_a985.74/P26A _bP26A |
||
| 100 |
_aParedes Pando, Oscar _914521 |
||
| 245 |
_aAntis y montañas : _bTono-Toayma, Qosñipata-Manuena-Opatari, Eory-Omapalca y Aquiry-Cuchivara / _cOscar Paredes Pando |
||
| 260 |
_aCusco : _b[s.n.], _bAlpha Servicios Gráficos _c2014. |
||
| 300 |
_a373 paginas. : _bilustraciones, mapas ; _c24 cm. |
||
| 500 |
_a"Madre de Dios-Alto Acre" _zBibliografía: p. 359-373. |
||
| 500 | _a"Amazonía Sur Oriental: Siglo XVI-XX", t.1. | ||
| 505 | _aContenido: t.1. Amazonía Sur Oriental: Siglos XVI-XX | ||
| 650 |
_aEtnohistoria _92030 |
||
| 650 |
_aÉpoca Colonial _948689 |
||
| 650 |
_aIndígenas de América del Sur _97418 |
||
| 650 |
_aAmazonía _93433 |
||
| 650 |
_aMadre de Dios _91067 |
||
| 942 |
_2ddc _cLIBROS |
||
| 945 | _arac | ||